|
|
|
|
| LEADER |
00000nss a2200000 a 4500 |
| 001 |
38345 |
| 005 |
20230308224142.0 |
| 008 |
000000| ||||||||r|||||||||||spa|| |
| 040 |
|
|
|b spa
|
| 041 |
1 |
|
|a spa
|
| 082 |
0 |
|
|a 330.5
|b M644b
|
| 245 |
|
|
|a Boletin de la Dirección general de presupuesto
|c Ministerio de Finanzas
|h imp
|
| 264 |
|
|
|a Quito
|b Ministerio de Finanzas
|c Julio-Septiembre de 1969
|
| 300 |
|
|
|a 64páginas:
|b ilu
|c 25 cm
|
| 362 |
|
|
|a no. 2 (julio-septiembre de 1969)
|
| 650 |
|
|
|a Boletin de la direccion general de presupuesto
|9 308680
|
| 852 |
|
|
|a UC-CDJBV
|c ESTANTERIA CERRADA
|f Donación
|k maria.naula
|l 1
|m General
|p 00000000
|r 2
|t 38345
|b 0
|d CDRC
|e CDRC
|g 330.5 M644b ESTANTERIA CERRADA
|z 0000-00-00
|
| 942 |
|
|
|c SER
|
| 999 |
|
|
|c 147760
|d 147760
|